000 00652nam a2200229 a 4500
999 _c1351
_d1351
001 1620326
003 CoMeUDC
005 20210608121132.0
008 191214n2018 ck gr 0001f spa d
020 _a9789585527188
040 _aCO-UdeCO
_bspa
_cCO-UdeCO
082 0 4 _aC863.6
_bH37
100 _aHermoso H. Germán de J.
_91652
245 1 3 _aLa gran verdad /
_cGerman de J. Hermoso H.
260 _aBogotá :
_bUniediciones,
_c2018.
300 _a102 p. ;
_c23 cm.
490 0 _aAutores independientes. Narrativa
650 4 _aNovela colombiana.
650 4 _aViolencia
_v Novela.
942 _2ddc
_cBK
949 _ac
_bc